| 000 | 01059cab a2200301 4500 | ||
|---|---|---|---|
| 001 | ABS57603 | ||
| 008 | 090401t1997 xxu||||| |||| 00| 0 eng d | ||
| 035 | _a(Sirsi) u81009 | ||
| 041 | _aeng | ||
| 100 | _aBall, M. | ||
| 245 | _aEU housing markets and economic convergence | ||
| 260 | _c1997 | ||
| 350 | _a0 | ||
| 490 |
_aCSM _bChartered Surveyor Monthly _v7(1) September 1997, 26-27(2) |
||
| 520 | _aDiscusses the results of a new report on RICS supported research examining the performance of housing markets in 11 EU countries and the relationships to their economies. The report concludes that greater emphasis should be placed on the impact of housing markets as they could limit economic convergence in the future. | ||
| 650 | _aECONOMIC CONVERGENCE | ||
| 650 | _aECONOMY | ||
| 650 | _aEU | ||
| 650 | _aEUROPEAN UNION | ||
| 650 | _aHOUSING INVESTMENT | ||
| 650 | _aHOUSING MARKET | ||
| 650 | _aHOUSING PERFORMANCE | ||
| 650 | _aHOUSING POLICY | ||
| 690 | _aHOUSING | ||
| 700 | _aGrilli, M. | ||
| 942 | _n0 | ||
| 948 | _c22/09/1997 | ||
| 999 |
_c51034 _d51034 |
||